[Event "CRO-chT2 West"]
[Site "Croatia"]
[Date "2014.11.15"]
[Round "7.51"]
[White "Kosic, Eugen"]
[Black "Fucak, Emilijo"]
[Result "0-1"]
[WhiteElo "2222"]
[BlackElo "2251"]
[PlyCount "64"]
[EventDate "2014.03.15"]
[EventType "team-tourn"]
[EventRounds "9"]
[EventCountry "CRO"]
[SourceTitle "EXT 2019"]
[Source "ChessBase"]
[SourceDate "2018.10.10"]
[SourceVersion "1"]
[SourceVersionDate "2018.10.10"]
[SourceQuality "1"]
[WhiteTeam "Porec Gortan"]
[BlackTeam "Rijeka Kvarner"]
[WhiteTeamCountry "CRO"]
[BlackTeamCountry "CRO"]

1. d4 Nf6 2. c4 e6 3. Nc3 Bb4 4. e3 0-0 5. Nf3 b6 6. Qc2 Bb7 7. Bd2 d5 8. a3 Bxc3 9. Bxc3 Nbd7 10. cxd5 Nxd5 11. Bd3 Nxc3 12. bxc3 h6 13. e4 c5 14. 0-0 Rc8 15. Qd2 Qe7 16. Rfe1 cxd4 17. cxd4 Rfd8 18. Qb4 Kf8 19. Qa4 a6 20. Qb3 b5 21. Reb1 Nf6 22. a4 Nxe4 23. axb5 Nc3 24. Rc1 Bxf3 25. Rxc3 Bd5 26. Qc2 Rxc3 27. Qxc3 axb5 28. Bxb5 Bxg2 29. Kxg2 Qg5+ 30. Kf1 Qxb5+ 31. Kg1 Qg5+ 32. Kf1 Qf4 0-1

[Event "CRO-chT2 West"]
[Site "Croatia"]
[Date "2011.11.06"]
[Round "8.41"]
[White "Zufic, Zeljko"]
[Black "Kosic, Eugen"]
[Result "1/2-1/2"]
[WhiteElo "2204"]
[BlackElo "2228"]
[PlyCount "77"]
[EventDate "2011.03.12"]
[EventType "team-tourn"]
[EventRounds "9"]
[EventCountry "CRO"]
[SourceTitle "EXT 2014"]
[Source "ChessBase"]
[SourceDate "2013.11.20"]
[SourceVersion "1"]
[SourceVersionDate "2013.11.20"]
[SourceQuality "1"]

1. d4 f5 2. Nc3 Nf6 3. Bg5 g6 4. Bxf6 exf6 5. e3 d5 6. Bd3 c6 7. Qf3 Bd6 8. Nge2 Be6 9. h4 Qe7 10. h5 Rg8 11. hxg6 hxg6 12. 0-0-0 Nd7 13. Nf4 0-0-0 14. Kb1 Rg7 15. Rh6 Rdg8 16. g3 Kb8 17. Nce2 Bf7 18. Nc1 Nf8 19. Rdh1 Ne6 20. Nxe6 Bxe6 21. Ne2 Qd8 22. Nc1 Qe7 23. c3 Bf7 24. b4 b6 25. Nb3 Qc7 26. Qe2 Re8 27. Rh8 Rgg8 28. Rxg8 Bxg8 29. g4 Qd7 30. gxf5 gxf5 31. Qf3 Be6 32. Rh5 f4 33. Rh7 Re7 34. Rh8+ Kb7 35. exf4 Bf5 36. Nc1 Re1 37. Kb2 Re7 38. b5 Be4 39. Qh3 1/2-1/2

[Event "Porec op"]
[Site "Porec"]
[Date "2008.12.06"]
[Round "5"]
[White "Fattorich, Igor"]
[Black "Kosic, Eugen"]
[Result "1/2-1/2"]
[WhiteElo "2077"]
[BlackElo "2254"]
[PlyCount "20"]
[EventDate "2008.12.04"]
[EventType "swiss"]
[EventRounds "7"]
[EventCountry "CRO"]
[SourceTitle "CBM 127 Extra"]
[Source "ChessBase"]
[SourceDate "2009.01.08"]
[SourceVersion "2"]
[SourceVersionDate "2009.01.28"]
[SourceQuality "1"]

1. d4 f5 2. g3 Nf6 3. Bg2 g6 4. c4 Bg7 5. b4 0-0 6. Bb2 d6 7. Nf3 c6 8. 0-0 Nbd7 9. Nbd2 e6 10. Qc2 Qe7 1/2-1/2

[Event "Porec op"]
[Site "Porec"]
[Date "2008.12.04"]
[Round "2"]
[White "Licardo, Renato"]
[Black "Kosic, Eugen"]
[Result "1/2-1/2"]
[WhiteElo "2191"]
[BlackElo "2254"]
[PlyCount "84"]
[EventDate "2008.12.04"]
[EventType "swiss"]
[EventRounds "7"]
[EventCountry "CRO"]
[SourceTitle "CBM 127 Extra"]
[Source "ChessBase"]
[SourceDate "2009.01.08"]
[SourceVersion "2"]
[SourceVersionDate "2009.01.28"]
[SourceQuality "1"]

1. e4 e6 2. d4 d5 3. e5 c5 4. c3 Nc6 5. Nf3 Qc7 6. a3 c4 7. b4 cxb3 8. Qxb3 Bd7 9. Bd3 Nge7 10. 0-0 Rc8 11. Qd1 Na5 12. Ng5 h6 13. Qh5 g6 14. Qh3 Nb3 15. Ra2 Nxc1 16. Rxc1 Bg7 17. Nf3 0-0 18. Nbd2 Ba4 19. Rb2 Qd7 20. Qg4 Rc7 21. h4 h5 22. Qf4 Nf5 23. Bxf5 exf5 24. Ng5 Rfc8 25. Nb1 Qe7 26. Re1 Bd7 27. c4 dxc4 28. d5 c3 29. Rc2 Rc4 30. Qe3 Qc5 31. Qf3 Ba4 32. Rcc1 c2 33. Nd2 Rd4 34. e6 Rxd2 35. exf7+ Kh8 36. Qf4 Rd4 37. Qg3 Rg4 38. Qe3 Qxe3 39. Rxe3 Rxg5 40. hxg5 Bf8 41. d6 Kg7 42. Re6 Rd8 1/2-1/2

[Event "Rabac op"]
[Site "Rabac"]
[Date "2003.11.16"]
[Round "3.6"]
[White "Kosic, Eugen"]
[Black "Jovanic, Ognjen"]
[Result "0-1"]
[WhiteElo "2301"]
[BlackElo "2424"]
[PlyCount "88"]
[EventDate "2003.11.15"]
[EventType "swiss"]
[EventRounds "9"]
[EventCountry "CRO"]
[SourceTitle "CBM 097 Extra"]
[Source "ChessBase"]
[SourceDate "2004.01.13"]
[SourceVersion "1"]
[SourceVersionDate "2004.01.13"]
[SourceQuality "1"]

1. Nf3 d5 2. d4 Nf6 3. c3 e6 4. Bf4 b6 5. e3 Bb7 6. Nbd2 Nbd7 7. Bd3 Be7 8. Ne5 a6 9. 0-0 c5 10. Bg3 Rc8 11. f4 g6 12. Bh4 b5 13. Qf3 Nb6 14. Qh3 Ne4 15. Bxe7 Qxe7 16. Ndf3 0-0 17. Rae1 f6 18. Ng4 h5 19. Nf2 Kg7 20. dxc5 Rxc5 21. Nd4 Re8 22. Nxe4 dxe4 23. Be2 f5 24. Qg3 Kf7 25. Rd1 Bd5 26. Rd2 h4 27. Qf2 Rg8 28. Ra1 g5 29. Bf1 Qf6 30. a4 Nxa4 31. b3 Nxc3 32. Rxa6 g4 33. Qe1 Qe7 34. Qa1 Rgc8 35. b4 R5c7 36. Qa5 g3 37. Rc2 Kf6 38. Qa1 Kf7 39. Qe1 Qxb4 40. hxg3 Qb1 41. Qxb1 Nxb1 42. Rxc7+ Rxc7 43. Bxb5 hxg3 44. Bc6 Nd2 0-1

[Event "Porec op"]
[Site "Porec"]
[Date "2003.??.??"]
[Round "3"]
[White "Kosic, Eugen"]
[Black "Zufic, Miroslav"]
[Result "1/2-1/2"]
[WhiteElo "2301"]
[BlackElo "2366"]
[PlyCount "97"]
[EventDate "2003.12.04"]
[EventType "swiss"]
[EventRounds "7"]
[EventCountry "CRO"]
[SourceTitle "CBM 097 Extra"]
[Source "ChessBase"]
[SourceDate "2004.01.13"]
[SourceVersion "1"]
[SourceVersionDate "2004.01.13"]
[SourceQuality "1"]

1. Nf3 Nf6 2. c4 g6 3. Nc3 Bg7 4. d4 0-0 5. e4 d6 6. g3 c5 7. dxc5 Qa5 8. Nd2 Qxc5 9. Nb3 Qc7 10. Be2 Bh3 11. Rg1 Be6 12. Nd5 Bxd5 13. exd5 Nbd7 14. Be3 Ne5 15. Rc1 Qd7 16. g4 Qa4 17. a3 Rfc8 18. Nd4 Qa5+ 19. Qd2 Qxd2+ 20. Kxd2 Ne4+ 21. Kd1 Nc5 22. Kd2 a5 23. Rgd1 Ned7 24. Ke1 Bxd4 25. Bxd4 Nb3 26. Rc3 Nxd4 27. Rxd4 g5 28. a4 Kg7 29. h4 h6 30. Re3 Ne5 31. h5 Rc5 32. Rb3 Rc7 33. Kf1 Nd7 34. Re3 Nc5 35. Bd1 Ra6 36. f4 gxf4 37. Rxf4 f6 38. Rf2 Rb6 39. b3 Ra6 40. Rfe2 Kf8 41. Bc2 Ra8 42. Kg2 b6 43. Kg3 Nb7 44. Bg6 Nd8 45. Re4 Nf7 46. Bxf7 Kxf7 47. Rf4 Rg8 48. Rf5 Rcc8 49. Re4 1/2-1/2

[Event "CRO-ch"]
[Site "Zagreb"]
[Date "2002.11.30"]
[Round "8"]
[White "Golubovic, Boris"]
[Black "Kosic, Eugen"]
[Result "0-1"]
[WhiteElo "2441"]
[BlackElo "2286"]
[PlyCount "122"]
[EventDate "2002.11.24"]
[EventType "swiss"]
[EventRounds "9"]
[EventCountry "CRO"]
[SourceTitle "CBM 091 Extra"]
[Source "ChessBase"]
[SourceDate "2003.01.09"]
[SourceVersion "1"]
[SourceVersionDate "2003.01.09"]
[SourceQuality "1"]

1. e4 e6 2. d4 d5 3. Nd2 Nf6 4. e5 Nfd7 5. c3 c5 6. Bd3 Nc6 7. Ne2 Qb6 8. Nf3 Be7 9. 0-0 c4 10. Bc2 Nf8 11. b3 Na5 12. Nf4 g6 13. h4 Qd8 14. g3 Bd7 15. b4 Nc6 16. Nh3 h6 17. Be3 Qc7 18. Qd2 h5 19. Bg5 Nh7 20. Bxe7 Nxe7 21. Nfg5 Nxg5 22. Nxg5 Ng8 23. Qf4 Bc8 24. Rfe1 Qe7 25. Re3 Nh6 26. Rf3 Nf5 27. Re1 Bd7 28. Bxf5 gxf5 29. Rb1 0-0-0 30. Re3 a6 31. Ree1 Ba4 32. Rb2 Rdg8 33. Kg2 Rg6 34. f3 Be8 35. Rh1 Rg7 36. g4 hxg4 37. fxg4 fxg4 38. Rf2 Rhg8 39. Kg3 Qd7 40. Rhf1 Qa4 41. Qd2 Qd7 42. Rf6 Rh8 43. R1f2 Kb8 44. Rh2 Qa4 45. h5 a5 46. bxa5 Qxa5 47. Kh4 Rg6 48. Kxg4 Rg7 49. h6 Rgg8 50. Kf4 b5 51. Rg2 Kc8 52. Kf3 b4 53. cxb4 Qa3+ 54. Kg4 c3 55. Qe3 Ba4 56. Rg3 Kb8 57. Qxc3 Qxa2 58. Qe3 Qh2 59. Qg1 Bd1+ 60. Kf4 Qh4+ 61. Ke3 Rc8 0-1

[Event "CRO-chT3"]
[Site "Zadar"]
[Date "1999.??.??"]
[Round "3"]
[White "Kosic, Eugen"]
[Black "Kranjcevic, Mario"]
[Result "1/2-1/2"]
[WhiteElo "2315"]
[BlackElo "2180"]
[PlyCount "41"]
[EventDate "1999.??.??"]
[EventType "team"]
[EventRounds "7"]
[EventCountry "CRO"]
[SourceTitle "EXT 2000"]
[Source "ChessBase"]
[SourceDate "1999.11.16"]
[SourceVersion "1"]
[SourceVersionDate "1999.11.16"]
[SourceQuality "1"]

1. b3 Nf6 2. Bb2 g6 3. Nc3 Bg7 4. Ne4 0-0 5. Nxf6+ exf6 6. e3 Nc6 7. Nf3 Ne5 8. Be2 d6 9. d4 Nxf3+ 10. Bxf3 d5 11. c4 c6 12. 0-0 f5 13. cxd5 cxd5 14. Qd2 Be6 15. Qb4 Qd7 16. Rfc1 Rfc8 17. Qa4 a6 18. Ba3 f4 19. Rxc8+ Rxc8 20. Rc1 Rxc1+ 21. Bxc1 1/2-1/2

[Event "CRO-ch"]
[Site "Zagreb"]
[Date "1993.??.??"]
[Round "9"]
[White "Kosic, Eugen"]
[Black "Markotic, Gordan"]
[Result "1-0"]
[WhiteElo "2300"]
[BlackElo "2405"]
[PlyCount "71"]
[EventDate "1993.??.??"]
[EventType "swiss"]
[EventRounds "9"]
[EventCountry "CRO"]
[SourceTitle "EXT 2002"]
[Source "ChessBase"]
[SourceDate "2001.11.25"]
[SourceVersion "1"]
[SourceVersionDate "2001.11.25"]
[SourceQuality "1"]

1. d4 Nf6 2. Nf3 d5 3. Bf4 g6 4. Nbd2 Bg7 5. h3 0-0 6. e3 c5 7. c3 cxd4 8. exd4 Nc6 9. Be2 Ne8 10. Qb3 Kh8 11. h4 h6 12. Ne5 Nxe5 13. Bxe5 f6 14. Bg3 e5 15. dxe5 fxe5 16. Nf3 Qd6 17. 0-0-0 Nc7 18. Rhe1 Bf5 19. Bd3 Rfe8 20. h5 a5 21. hxg6 a4 22. Qc2 Bg4 23. Be2 Bxf3 24. Bxf3 a3 25. b3 Qc5 26. c4 e4 27. cxd5 Bb2+ 28. Kb1 Qxc2+ 29. Kxc2 Rec8 30. Rxe4 Nxd5+ 31. Rc4 Rxc4+ 32. bxc4 Nb6 33. Kb3 Na4 34. Bd6 Ra5 35. Bb4 Ra7 36. Rd7 1-0